U.S Unused State Flags - Statistics

General Stats
  • This quiz has been taken 8 times
  • The average score is 10 of 16
Answer Stats
Picture Answer % Correct
Washington
88%
Alabama
75%
California
75%
Florida
75%
Georgia
75%
Nevada
75%
Utah
75%
Kansas
63%
Maine
63%
Montana
63%
Wisconsin
63%
Minnesota
50%
Mississippi
50%
Oklahoma
50%
Colorado
25%
Texas
13%
No matching quizzes found
Score Distribution
Percent of People with Each Score
Percentile by Number Answered
Your Score History
You have not taken this quiz